000 00229nam a2200097Ia 4500
001 711386
005 20250826162807.0
008 250824s9999 xx 000 0 und d
245 0 _aKAVİM
_cAHMET ÜMİT
260 _bEVEREST YAYINLARI
999 _c711386
_d711386